[Event "AUT-ch Vor1 Internet (Women)"]
[White "Jeitler, Selina"]
[Black "Weingartner, Anna"]
[Site "Playchess.com INT"]
[Round "8"]
[Result "1-0"]
[Date "2020.05.30"]
[WhiteElo "1201"]
[BlackElo "939"]
[PlyCount "49"]
[EventDate "2020.05.30"]
[EventType "swiss (blitz)"]
[EventRounds "9"]
[EventCountry "AUT"]
[SourceTitle "CBM 196 Extra"]
[Source "ChessBase"]
[SourceDate "2020.07.31"]
[SourceVersion "1"]
[SourceVersionDate "2020.07.31"]
[SourceQuality "1"]

1. e4 e5 2. Nf3 Nc6 3. Bb5 Bc5 4. Nc3 Nf6 5. 0-0 a6 6. Ba4 0-0 7. d3 h6 8. Be3 d6 9. Nh4 Bg4 10. Nf3 b5 11. Bb3 b4 12. Na4 d5 13. Nxc5 dxe4 14. dxe4 Nxe4 15. h3 Qxd1 16. Raxd1 Bxf3 17. gxf3 Nxc5 18. Bxc5 Rfe8 19. Bd5 Rab8 20. Bxc6 Re6 21. Bd5 Rg6+ 22. Kh2 Rb5 23. Be3 Ra5 24. Be4 Rf6 25. Rd8# 1-0

[Event "AUT-ch Vor1 Internet (Women)"]
[White "Katter, Katharina"]
[Black "Jeitler, Selina"]
[Site "Playchess.com INT"]
[Round "2"]
[Result "1-0"]
[Date "2020.05.30"]
[WhiteElo "1930"]
[BlackElo "1201"]
[PlyCount "33"]
[EventDate "2020.05.30"]
[EventType "swiss (blitz)"]
[EventRounds "9"]
[EventCountry "AUT"]
[SourceTitle "CBM 196 Extra"]
[Source "ChessBase"]
[SourceDate "2020.07.31"]
[SourceVersion "1"]
[SourceVersionDate "2020.07.31"]
[SourceQuality "1"]

1. d4 d5 2. Nf3 Nf6 3. c4 e6 4. e3 c5 5. Nc3 Nc6 6. cxd5 exd5 7. Bb5 a6 8. Bd3 c4 9. Bc2 Bd6 10. 0-0 0-0 11. h3 b5 12. e4 dxe4 13. Nxe4 Be7 14. Nxf6+ Bxf6 15. d5 Ne5 16. Nxe5 Bxe5 17. Qh5 1-0

[Event "AUT-ch U16 Girls"]
[White "Katter, Katharina"]
[Black "Jeitler, Selina"]
[Site "Sankt Veit an der Glan"]
[Round "7"]
[Result "1-0"]
[Date "2019.04.18"]
[WhiteElo "1792"]
[BlackElo "1181"]
[PlyCount "63"]
[EventDate "2019.04.14"]
[EventType "swiss"]
[EventRounds "7"]
[EventCountry "AUT"]
[SourceTitle "CBM 190 Extra"]
[Source "ChessBase"]
[SourceDate "2019.07.15"]
[SourceVersion "1"]
[SourceVersionDate "2019.07.15"]
[SourceQuality "1"]

1. e4 e5 2. Nf3 Nc6 3. Bb5 a6 4. Ba4 Nf6 5. d3 Bc5 6. 0-0 d6 7. c3 b5 8. Bb3 Bg4 9. h3 Bh5 10. Re1 0-0 11. Nbd2 d5 12. exd5 Nxd5 13. g4 Bg6 14. Nxe5 Nxe5 15. Rxe5 c6 16. Bxd5 cxd5 17. Qf3 Re8 18. Qxd5 Rxe5 19. Qxe5 Ba7 20. d4 Bb8 21. Qe3 Ba7 22. Nf3 Qd5 23. Nh4 Qc6 24. Nxg6 Qxg6 25. Bd2 Qe6 26. Qxe6 fxe6 27. Bf4 Kf7 28. Be5 Rd8 29. Kg2 Rd5 30. Kf3 Bb6 31. Ke4 Bd8 32. f4 1-0